Największe państwa w historii - Statystyki

Ogólne statystyki
  • Ten quiz został rozwiązany 1 364 razy
  • Średni wynik to 59 z 102
Statystyki odpowiedzi
Poz. Pow. Rok Kontynent Państwo % Poprawnych
4 22,4 1945-1991 EU/AZ ZSRR
98%
3 23,7 1866 EU/AZ/APŁ Imperium Rosyjskie
97%
6 17,1 2014 EU/AZ Rosja
96%
1 33,2 1922 ALL Imperium brytyjskie
95%
28 4,6 1690 AZ Imperium Mongołów
93%
14 9,8 1898-1946 APŁ/AZ/AU Amerykańskie Imperium kolonialne (USA)
92%
13 9,9 od 1999 AZ Chińska Republika Ludowa
92%
7 14,7 1790 AZ Chiny - Cesarstwo Qing
92%
70 2,3 1126 AZ Państwo Dżurdżenów
92%
75 2,0 1861-1865 APŁ Skonfederowane Stany Ameryki
92%
8 13,0 1923-1938 ALL Francuskie imperium kolonialne
91%
100 1,15 1618-1621 EU/AF/APŁ Rzeczpospolita Obojga Narodów
91%
2 33,0 1270 AZ/EU Imperium mongolskie
90%
73 2,1 1811 EU Cesarstwo Francuskie
89%
20 6,4 1942 EU/AZ III Rzesza Niemiecka
89%
98 1,2 814 EU Imperium Frankijskie
89%
21 6,0 1310 AZ/EU Złota Orda
89%
5 20,0 1740-1790 ALL Hiszpańskie Imperium kolonialne
88%
23 5,2 1683 EU/AZ/AF Imperium Osmańskie
87%
12 10,0 od 1949 APŁ Kanada
87%
43 3,5 1914 ALL Niemieckie imperium kolonialne
87%
15 8,7 1822-1825 APOŁ Cesarstwo Brazylii
84%
51 3,1 795 AZ Kaganat ujgurski
82%
85 1,5 od 1911 AZ Mongolia
82%
37 3,8 1939-1940 EU/AF Włoskie imperium kolonialne
82%
43 3,5 400 AZ Imperium Guptów
81%
91 1,35 625-648 AZ Imperium Harsza
81%
26 5,0 250 p.n.e. AZ Imperium Mauriów
81%
32 4,0 850 AZ Imperium Pala
81%
49 3,3 od 1975 AZ Indie
81%
21 6,0 557 AZ Kaganat Turkutów
81%
63 2,5 1674-1820 AZ Konfederacja Marathów
81%
63 2,5 150 p.n.e. AZ Królestwo Indo-Greckie
81%
37 3,8 200 AZ Królestwo Kuszanów
81%
50 3,2 1320 AZ Sułtanat Delhijski
81%
18 7,4 1942 AZ/AU Cesarstwo Wielkiej Japonii
80%
11 10,4 1815 ALL Portugalskie imperium kolonialne
78%
17 7,5 od 1939 AU Australia
77%
99 1,18 1959-1961 AF/AZ Zjednoczona Republika Arabska
77%
60 2,7 1190 AZ/AF Ajjubidzi
76%
73 2,1 1300 AF/AZ Sułtanat Mameluków
76%
16 8,0 480 p.n.e. AZ/AF/EU Persja - Imperium Achemenidów
75%
27 4,9 1822 APŁ Cesarstwo Meksyku
74%
32 4,0 1747 AZ Imperium Afszarydów
74%
43 3,5 1512 AZ Imperium Safawidów
74%
43 3,5 620 AZ/AF Imperium Sasanidów
74%
75 2,0 900 AZ Saffarydzi
74%
52 3,0 1397 EU/APŁ Unia kalmarska
74%
57 2,8 od 1881 APOŁ Argentyna
71%
19 6,5 115-117 EU/AF/AZ Cesarstwo Rzymskie
69%
75 2,0 395 EU/AF Cesarstwo zachodniorzymskie
69%
75 2,0 od 1932 AZ Arabia Saudyjska
68%
102 0,75 1720-1734 EU Austria Habsburgów
67%
75 2,0 1949-1990 AF Związek Południowej Afryki
64%
43 3,5 1310-1350 AZ Chanat Czagatajski
62%
52 3,0 1800 EU/AZ/AF/APŁ Duńskie imperium kolonialne
62%
40 3,7 1920-1940 ALL Holenderskie imperium kolonialne
62%
60 2,7 od 1991 AZ Kazachstan
62%
70 2,3 od 1963 AF Demokratyczna Republika Konga
60%
70 2,3 od 1962 AF Algieria
58%
63 2,5 1922-1960 EU/AF/AZ Belgijskie imperium kolonialne
57%
41 3,6 1050 AZ Imperium Ćola
57%
82 1,9 od 1945 AZ Indonezja
57%
60 2,7 1389 AZ Madżapahit
57%
52 3,0 1050 EU Ruś Kijowska
57%
23 5,2 323 p.n.e. EU/AZ/AF Imperium Macedońskie
50%
43 3,5 1835-1839 APOŁ Peru-Boliwia
50%
63 2,5 1956-2011 AF Sudan
50%
63 2,5 1825-1831 APOŁ Wielka Kolumbia
48%
92 1,3 1952-1993 AF Etiopia
45%
95 1,26 od 1960 AF Niger
43%
84 1,78 od 1951 AF Libia
42%
75 2,0 1200 AF/EU Państwo Almohadów
41%
31 4,5 550 EU/AZ/AF Cesarstwo Bizantyńskie
39%
88 1,4 1959-1960 AF Federacja Mali
37%
93 1,29 1312 AF Imperium Mali
37%
88 1,4 1500 AF Songhaj
37%
94 1,28 od 1960 AF Czad
34%
96 1,25 od 1975 AF Angola
27%
101 0,8 681-1018 EU Pierwsze państwo bułgarskie
27%
88 1,4 697 p.n.e. AZ/AF Imperium Nowoasyryjskie
21%
75 2,0 1527 APOŁ Państwo Inków
21%
10 11,1 750 AZ/AF Kalifat Abbasydów
19%
8 13,0 720-732 AZ/AF/EU Kalifat Umajjadów
17%
25 5,1 969 AZ/AF/EU Kalifat Fatymidów
15%
28 4,6 1405 AZ Imperium Timurydów
13%
28 4,6 800 AZ Tybet
13%
63 2,5 1210 AZ Chanat Kara Kitajów
10%
52 3,0 1025 AZ Kaganat Karachanidów
9%
32 4,0 490 AZ Państwo Heftalitów
7%
83 1,8 1520 AZ Chanat Syberyjski
4%
52 3,0 850 AZ/EU Kaganat Chazarski
3%
57 2,8 1 AZ Królestwo Partów
3%
96 1,25 350 AF/AZ Aksum
2%
35 3,9 1080 AZ Imperium Seldżuków
2%
35 3,9 301 p.n.e. AZ Imperium Seleucydów
2%
85 1,5 50 AZ Królestwo Indo-Partów
2%
41 3,6 1218 AZ Imperium Chorezmijskie
1%
57 2,8 585 p.n.e. AZ Imperium Medów
1%
63 2,5 184 AZ Królestwo Greko-Baktryjskie
1%
39 3,75 1310 AZ Państwo Hulagidów
1%
85 1,5 90 AZ Państwo Indo-Scytów
1%
Nie znaleziono quizów pasujących do podanych kryteriów
Rozkład punktacji
Procent ludzi z każdym wynikiem
Percentyl według liczby udzielonych odpowiedzi
Twoja historia wyników
Nie rozwiązałeś tego quizu